000 02092nam0a2200349 4500
001 RU\NLR\bibl\910280
005 20260407133745.0
010 _a5-88086-523-1
_970
021 _aRU
_b2005-87974
_94352
035 _a(NLR Aleph) 000898632
090 _a1763345
_c1763346
100 _a20060226d2005 |||y0rusy50 ca
101 0 _arus
102 _aRU
105 _ay |||||||||
200 1 _aИзучение. Эксперимент. Практика
_eматериалы студенческой научной конференции факультета педагогики начального и специального образования
_f[сост.: А.В. Новикова, Е.Е. Шувалова
_gредкол.: С.Ю. Буланова и др.]
210 _aАрхангельск
_cПоморский университет
_d2005
215 _a121, [1] c.
_d20
300 _aВ надзаг.: Федер. агентство по образованию, Гос. образоват. учреждение высш. проф. образования "Помор. гос. ун-т им. М.В. Ломоносова", Фак. педагогики нач. и спец. образования
320 _aБиблиогр. в конце ст.
606 1 _aНачальные школы
_jСъезды, совещания и т.п.
_92298617
_3RU\NLR\auth\661376287
686 _aЧ421.2,01я431
702 1 _aНовикова
_bА. В.
_4220
702 1 _aБуланова
_bС. Ю.
_gСветлана Юрьевна
_4340
711 0 2 _aПоморский государственный университет им. М. В. Ломоносова
_cАрхангельск
_bФакультет педагогики начального и специального образования
_bСтуденческая научная конференция
_f2005
_3RU\NLR\AUTH\8810080189
_9662517
801 0 _aRU
_bNLR
_c20060226
_grcr
801 1 _aRU
_bNLR
_c20060226
830 _aред. по ГАК РНБ
942 _cBOOK
980 _aNB